Database systems : a practical approach to design, implementation, and management (Record no. 11602)

000 -LEADER
fixed length control field 01233cam a2200301 a 4500
001 - CONTROL NUMBER
control field 15561838
005 - DATE AND TIME OF LATEST TRANSACTION
control field 20170105102344.0
008 - FIXED-LENGTH DATA ELEMENTS--GENERAL INFORMATION
fixed length control field 081218s2010 maua b 001 0 eng
010 ## - LIBRARY OF CONGRESS CONTROL NUMBER
LC control number 2008055021
020 ## - INTERNATIONAL STANDARD BOOK NUMBER
International Standard Book Number 9780321523068
020 ## - INTERNATIONAL STANDARD BOOK NUMBER
International Standard Book Number 0321523067
035 ## - SYSTEM CONTROL NUMBER
System control number (OCoLC)ocn289070839
040 ## - CATALOGING SOURCE
Original cataloging agency DLC
Transcribing agency DLC
Modifying agency YDXCP
-- YDX
-- BWKUK
-- BWX
-- DLC
050 00 - LIBRARY OF CONGRESS CALL NUMBER
Classification number QA76.9.D26
Item number C66 2010
082 00 - DEWEY DECIMAL CLASSIFICATION NUMBER
Classification number 005.74
Edition number 22
100 1# - MAIN ENTRY--PERSONAL NAME
Personal name Connolly, Thomas M.
245 10 - TITLE STATEMENT
Title Database systems : a practical approach to design, implementation, and management
Remainder of title a practical approach to design, implementation, and management
Statement of responsibility, etc. Thomas M. Connolly, Carolyn E. Begg.
250 ## - EDITION STATEMENT
Edition statement 5th ed.
260 ## - PUBLICATION, DISTRIBUTION, ETC.
Place of publication, distribution, etc. Boston ;
-- London :
Name of publisher, distributor, etc. Addison-Wesley,
Date of publication, distribution, etc. c2010.
300 ## - PHYSICAL DESCRIPTION
Extent 1 v. (various pagings) :
Other physical details ill. (some col.) ;
Dimensions 23 cm.
504 ## - BIBLIOGRAPHY, ETC. NOTE
Bibliography, etc. note Includes bibliographical references and index.
650 #0 - SUBJECT ADDED ENTRY--TOPICAL TERM
Topical term or geographic name entry element Database design.
650 #0 - SUBJECT ADDED ENTRY--TOPICAL TERM
Topical term or geographic name entry element Database management.
700 1# - ADDED ENTRY--PERSONAL NAME
Personal name Begg, Carolyn E.
906 ## - LOCAL DATA ELEMENT F, LDF (RLIN)
a 7
b cbc
c orignew
d 1
e ecip
f 20
g y-gencatlg
942 ## - ADDED ENTRY ELEMENTS (KOHA)
Source of classification or shelving scheme
Koha item type Book
Holdings
Withdrawn status Lost status Damaged status Not for loan Collection code Permanent Location Current Location Shelving location Date acquired Source of acquisition Cost, normal purchase price Total Checkouts Full call number Barcode Date last seen Date last checked out Price effective from Koha item type Total Renewals
          Central Library (CL) Central Library (CL) First Floor - Databases 02/27/2013 Progressive International Agencies 11690.56 1 005.74 CON SEECS012005 12/13/2021 11/25/2021 03/04/2013 Book  
          Central Library (CL) Central Library (CL) First Floor - Databases 02/27/2013 Progressive International Agencies 11690.56 1 005.74 CON SEECS012006 11/13/2023 09/13/2015 03/04/2013 Book  
          Central Library (CL) Central Library (CL) First Floor - Databases 02/27/2013 Progressive International Agencies 11690.56 3 005.74 CON SEECS012007 11/03/2016 09/20/2016 03/04/2013 Book  
          Central Library (CL) Central Library (CL) First Floor - Databases 02/27/2013 Progressive International Agencies 11690.56 5 005.74 CON SEECS012008 10/03/2016 09/20/2016 03/04/2013 Book 1
          Central Library (CL) Central Library (CL) First Floor - Databases 02/27/2013 Progressive International Agencies 11690.56 5 005.74 CON SEECS012009 11/03/2023 10/04/2018 03/04/2013 Book  
© 2023 Central Library, National University of Sciences and Technology. All Rights Reserved.